Historia e historiografía comparadas
שמור ב:
| מחבר ראשי: | |
|---|---|
| פורמט: | ספר |
| שפה: | ספרדית |
| יצא לאור: |
Ciudad de México
Universidad Nacional Autónoma de México
2009
|
| מהדורה: | 1a. ed |
| סדרה: | <El >Historiador Frente a la Historia
|
| נושאים: | |
| תגים: |
הוספת תג
אין תגיות, היה/י הראשונ/ה לתייג את הרשומה!
|
MARC
| LEADER | 00000nam a2200000 a 4500 | ||
|---|---|---|---|
| 001 | UCG2765 | ||
| 003 | CL-VaPUC | ||
| 008 | 100723e20090000MX |||||||||||||||||spa|d | ||
| 020 | |a 9786072002920 | ||
| 082 | 0 | 4 | |a 907.2 |b MAY |2 21 |
| 100 | |a Mayer, Alicia |e autora |9 565673 | ||
| 245 | 1 | 0 | |a Historia e historiografía comparadas |
| 250 | |a 1a. ed | ||
| 300 | |a 152 p | ||
| 942 | |c BK | ||
| 945 | |d 20100723 00:00:00 |a mfarfan | ||
| 260 | |a Ciudad de México |b Universidad Nacional Autónoma de México |c 2009 | ||
| 650 | 0 | |a Investigación histórica |9 344844 | |
| 650 | 0 | |a Historiografía |9 257871 | |
| 583 | |a last modification |c 20100723 00:00:00 |k Rodrigo Vera | ||
| 490 | 0 | |a <El >Historiador Frente a la Historia | |
| 999 | |c 341891 |d 341889 | ||
| 952 | |0 0 |1 0 |4 0 |6 907_200000000000000_MAY_2009 |7 0 |8 A |9 437701 |a BIBHIS |b BIBHIS |d 2019-11-22 |i 4697855 |l 1 |o 907.2 MAY 2009 |p 4697855 |r 2025-01-20 |s 2020-05-20 |w 2019-11-22 |y BK |k HIS | ||